[Event "POL-chT3 Kujawsko Pomorskie 0708"]
[Site "Poland"]
[Date "2008.02.10"]
[Round "7.20"]
[White "Bartosik, Piotr1111"]
[Black "Mazalon, Bartlomiej"]
[Result "1-0"]
[WhiteElo "1988"]
[BlackElo "1934"]
[PlyCount "47"]
[EventDate "2007.11.04"]
[EventType "team-tourn"]
[EventRounds "11"]
[EventCountry "POL"]
[SourceTitle "EXT 2019"]
[Source "ChessBase"]
[SourceDate "2018.10.10"]
[SourceVersion "1"]
[SourceVersionDate "2018.10.10"]
[SourceQuality "1"]

1. e4 c5 2. Nf3 e6 3. d4 cxd4 4. Nxd4 a6 5. Bd3 g6 6. Nc3 Bg7 7. Nde2 Nc6 8. 0-0 Nf6 9. a4 0-0 10. Kh1 Qc7 11. f4 d6 12. Be3 b6 13. Qe1 Bb7 14. Qh4 Rfd8 15. f5 exf5 16. exf5 Ne5 17. fxg6 fxg6 18. Rxf6 Bxf6 19. Qxf6 Rf8 20. Qe6+ Kg7 21. Nd4 Nxd3 22. cxd3 Rae8 23. Nf5+ Rxf5 24. Qxe8 1-0

[Event "POL-chT3 Kujawsko Pomorskie 0708"]
[Site "Poland"]
[Date "2008.01.27"]
[Round "6.13"]
[White "Szmidt, Przemyslaw"]
[Black "Mazalon, Bartlomiej"]
[Result "1/2-1/2"]
[WhiteElo "1930"]
[BlackElo "1934"]
[PlyCount "112"]
[EventDate "2007.11.04"]
[EventType "team-tourn"]
[EventRounds "11"]
[EventCountry "POL"]
[SourceTitle "EXT 2019"]
[Source "ChessBase"]
[SourceDate "2018.10.10"]
[SourceVersion "1"]
[SourceVersionDate "2018.10.10"]
[SourceQuality "1"]

1. e4 c5 2. a3 e6 3. d3 d6 4. Nf3 Nc6 5. g3 Nge7 6. Bg2 g6 7. 0-0 Bg7 8. Re1 0-0 9. c3 b5 10. d4 Bb7 11. Be3 c4 12. Nbd2 Qc7 13. Qe2 Rae8 14. h4 f5 15. Ng5 Nc8 16. exf5 exf5 17. Bd5+ Kh8 18. Ne6 Rxe6 19. Bxe6 Nb6 20. h5 Nd8 21. d5 Nxd5 22. Bxd5 Bxd5 23. Nf3 Qb7 24. Ng5 h6 25. hxg6 Be5 26. Qh5 Kg7 27. Nf7 Nxf7 28. gxf7 Rxf7 29. Bxh6+ Kh8 30. Bf4+ Rh7 31. Qe8+ Kg7 32. Bxe5+ dxe5 33. Qxe5+ Kg6 34. f3 Bxf3 35. Qe8+ Kg5 36. Qg8+ Qg7 37. Qxg7+ Rxg7 38. Kf2 Be4 39. a4 Rh7 40. axb5 Rh2+ 41. Ke3 Rxb2 42. Kd4 Rxb5 43. Rxa7 Bd3 44. Re6 Kg4 45. Rg7+ Kf3 46. Re5 Rb8 47. Re3+ Kf2 48. Rxd3 cxd3 49. Kxd3 Rd8+ 50. Kc2 Ke3 51. Re7+ Kf3 52. Rf7 Ke4 53. c4 Rg8 54. Re7+ Kd4 55. Rf7 Rxg3 56. Rxf5 Kxc4 1/2-1/2

[Event "POL-chT3 Kujawsko Pomorskie 0708"]
[Site "Poland"]
[Date "2008.01.13"]
[Round "5.26"]
[White "Zolnierowicz, Krzysztof"]
[Black "Mazalon, Bartlomiej"]
[Result "1-0"]
[WhiteElo "2268"]
[BlackElo "1934"]
[PlyCount "41"]
[EventDate "2007.11.04"]
[EventType "team-tourn"]
[EventRounds "11"]
[EventCountry "POL"]
[SourceTitle "EXT 2019"]
[Source "ChessBase"]
[SourceDate "2018.10.10"]
[SourceVersion "1"]
[SourceVersionDate "2018.10.10"]
[SourceQuality "1"]

1. e4 c5 2. Nf3 e6 3. d4 cxd4 4. Nxd4 a6 5. Bd3 Qc7 6. 0-0 Nf6 7. Qe2 d6 8. f4 Nbd7 9. c3 Be7 10. Nd2 0-0 11. N2f3 b5 12. e5 dxe5 13. fxe5 Nd5 14. Qe4 f5 15. exf6 N7xf6 16. Qe1 Bc5 17. Kh1 Qb6 18. Qh4 Bb7 19. Ng5 e5 20. Bxh7+ Kh8 21. Bf5+ 1-0

[Event "Rewal op-B 12th"]
[Site "Rewal"]
[Date "2007.08.29"]
[Round "8"]
[White "Mazalon, Bartlomiej"]
[Black "Czachor, Grzegorz"]
[Result "1-0"]
[WhiteElo "1913"]
[BlackElo "2029"]
[PlyCount "83"]
[EventDate "2007.08.23"]
[EventType "swiss"]
[EventRounds "9"]
[EventCountry "POL"]
[SourceTitle "CBM 120 Extra"]
[Source "ChessBase"]
[SourceDate "2007.11.01"]
[SourceVersion "1"]
[SourceVersionDate "2007.11.01"]
[SourceQuality "1"]

1. e4 c5 2. Nf3 d6 3. Bb5+ Bd7 4. Bxd7+ Qxd7 5. d3 Nc6 6. 0-0 e6 7. Re1 Nf6 8. Nbd2 Be7 9. Nf1 0-0 10. c3 Rac8 11. h3 b5 12. Be3 Rfd8 13. Qe2 Qb7 14. Ng3 Na5 15. b3 c4 16. bxc4 bxc4 17. Rab1 Qa8 18. d4 Nxe4 19. Nxe4 Qxe4 20. Rb5 Nc6 21. Nd2 Qc2 22. Qxc4 Nb8 23. Qb4 Qxc3 24. Rxb8 Qc7 25. Rb7 Qc6 26. Rxe7 a6 27. Qb7 Qxb7 28. Rxb7 Rc2 29. a3 Ra2 30. Rc1 h6 31. Rb3 a5 32. Nc4 a4 33. Rb2 Rxb2 34. Nxb2 d5 35. Bd2 g5 36. Bb4 Ra8 37. Rc7 Kg7 38. Nd3 Kg6 39. Ne5+ Kf5 40. f3 f6 41. g4+ Kf4 42. Kf2 1-0

[Event "Rewal op-B 12th"]
[Site "Rewal"]
[Date "2007.08.26"]
[Round "5"]
[White "Brudzinski, Maciej"]
[Black "Mazalon, Bartlomiej"]
[Result "1/2-1/2"]
[WhiteElo "2114"]
[BlackElo "1913"]
[PlyCount "59"]
[EventDate "2007.08.23"]
[EventType "swiss"]
[EventRounds "9"]
[EventCountry "POL"]
[SourceTitle "CBM 120 Extra"]
[Source "ChessBase"]
[SourceDate "2007.11.01"]
[SourceVersion "1"]
[SourceVersionDate "2007.11.01"]
[SourceQuality "1"]

1. e4 c5 2. Nf3 e6 3. d3 d6 4. g3 Nf6 5. Bg2 Be7 6. 0-0 Qc7 7. c3 Nc6 8. Qe2 0-0 9. Na3 a6 10. Nc2 b5 11. d4 Bb7 12. e5 dxe5 13. dxe5 Nd7 14. Bf4 Rfd8 15. Rad1 Nb6 16. Ne3 Rxd1 17. Rxd1 Rd8 18. h4 Rxd1+ 19. Qxd1 Qd8 20. Qc2 Nd5 21. Nxd5 exd5 22. Bg5 h6 23. Bxe7 Qxe7 24. Qf5 Qe6 25. Qf4 Bc8 26. Qe3 Qe7 27. Kh2 Bf5 28. Bh3 Bxh3 29. Kxh3 Qe6+ 30. Kg2 1/2-1/2

[Event "Kochan Memorial op-B 18th"]
[Site "Koszalin"]
[Date "2007.08.05"]
[Round "1"]
[White "Efinowicz, Michal"]
[Black "Mazalon, Bartlomiej"]
[Result "1-0"]
[WhiteElo "2078"]
[BlackElo "1913"]
[PlyCount "73"]
[EventDate "2007.08.05"]
[EventType "swiss"]
[EventRounds "9"]
[EventCountry "POL"]
[SourceTitle "EXT 2011"]
[Source "ChessBase"]
[SourceDate "2010.11.26"]
[SourceVersion "1"]
[SourceVersionDate "2010.11.26"]
[SourceQuality "1"]

1. d3 g6 2. c4 Bg7 3. Nc3 c5 4. g3 Nc6 5. Bg2 Nf6 6. e4 0-0 7. Nge2 d6 8. 0-0 Bd7 9. f4 e5 10. f5 gxf5 11. exf5 Ne7 12. Bh3 Qc8 13. g4 h5 14. g5 Nh7 15. Nd5 Nxd5 16. cxd5 f6 17. g6 Ng5 18. Bxg5 fxg5 19. Ng3 g4 20. Bxg4 hxg4 21. Qxg4 Rf6 22. Qh4 Qd8 23. Qh7+ Kf8 24. h4 Qe7 25. h5 Ke8 26. h6 Bxh6 27. Qxh6 Kd8 28. Qh8+ Kc7 29. Qxa8 Bxf5 30. Kg2 e4 31. Rae1 Rxg6 32. Rxf5 Qg7 33. Re3 Qxb2+ 34. Rf2 Qd4 35. Rxe4 Qxd5 36. Qe8 Qg5 37. Qe7+ 1-0

[Event "POL-chT3 0607"]
[Site "Poland"]
[Date "2006.12.10"]
[Round "4.32"]
[White "Gryniakow, Jaroslaw"]
[Black "Mazalon, Bartlomiej"]
[Result "1-0"]
[WhiteElo "2256"]
[BlackElo "1907"]
[PlyCount "59"]
[EventDate "2006.11.12"]
[EventType "team"]
[EventRounds "11"]
[EventCountry "POL"]
[SourceTitle "EXT 2009"]
[Source "ChessBase"]
[SourceDate "2008.11.26"]
[SourceVersion "1"]
[SourceVersionDate "2008.11.26"]
[SourceQuality "1"]

1. d4 d5 2. c4 Nc6 3. Nf3 Bg4 4. cxd5 Bxf3 5. gxf3 Qxd5 6. e3 e5 7. Nc3 Bb4 8. a3 Bxc3+ 9. bxc3 Nf6 10. Bg2 0-0 11. 0-0 Qc4 12. Rb1 Nd5 13. Qb3 Qxb3 14. Rxb3 Nb6 15. Rd1 Rfd8 16. Bf1 a6 17. Bd3 Na5 18. Rb1 Na4 19. Bb2 Nxb2 20. Rxb2 b5 21. a4 c6 22. Ra1 g6 23. axb5 Nb7 24. bxc6 Nd6 25. Rxa6 Rac8 26. dxe5 Ne8 27. Be4 Nc7 28. Ra7 Nd5 29. Rd7 Nc7 30. Rb7 1-0

[Event "Przysiek U18"]
[Site "Przysiek"]
[Date "2006.09.27"]
[Round "5"]
[White "Karpinski, Bartlomiej"]
[Black "Mazalon, Bartlomiej"]
[Result "0-1"]
[WhiteElo "100"]
[BlackElo "1852"]
[PlyCount "60"]
[EventDate "2006.09.24"]
[EventType "swiss"]
[EventRounds "9"]
[EventCountry "POL"]
[SourceTitle "EXT 2009"]
[Source "ChessBase"]
[SourceDate "2008.11.26"]
[SourceVersion "1"]
[SourceVersionDate "2008.11.26"]
[SourceQuality "1"]

1. e4 c5 2. Nf3 e6 3. d4 cxd4 4. Nxd4 a6 5. g3 b5 6. Bg2 Bb7 7. 0-0 Qc7 8. Be3 Nf6 9. Nd2 d5 10. exd5 Bxd5 11. Rc1 Bxg2 12. Kxg2 Bd6 13. Qf3 Nd5 14. c4 bxc4 15. Rxc4 Qb7 16. Ne4 Be7 17. Bg5 0-0 18. Bxe7 Qxe7 19. Rfc1 Qb7 20. Nd6 Qb6 21. Nxf7 Nd7 22. Nh6+ gxh6 23. Qg4+ Kh8 24. Qxe6 Qb7 25. Nc6 N7f6 26. Kg1 Rae8 27. Qh3 Qg7 28. Nd4 Ne4 29. R1c2 Ng5 30. Qf1 Ne3 0-1

[Event "Przysiek U18"]
[Site "Przysiek"]
[Date "2006.09.27"]
[Round "6"]
[White "Mazalon, Bartlomiej"]
[Black "Murawski, Wieslaw"]
[Result "0-1"]
[WhiteElo "1852"]
[BlackElo "2142"]
[PlyCount "74"]
[EventDate "2006.09.24"]
[EventType "swiss"]
[EventRounds "9"]
[EventCountry "POL"]
[SourceTitle "EXT 2009"]
[Source "ChessBase"]
[SourceDate "2008.11.26"]
[SourceVersion "1"]
[SourceVersionDate "2008.11.26"]
[SourceQuality "1"]

1. e4 e5 2. Nf3 Nc6 3. d4 exd4 4. c3 d5 5. exd5 Qxd5 6. Be2 Bf5 7. 0-0 0-0-0 8. cxd4 Bb4 9. a3 Ba5 10. Nc3 Bxc3 11. bxc3 Nf6 12. Be3 Ne4 13. c4 Qa5 14. Qb3 Nc3 15. Rfe1 Nxe2+ 16. Rxe2 Qa6 17. Rb2 Be4 18. Ng5 Bg6 19. Nf3 Rhe8 20. d5 Na5 21. Qc3 Nxc4 22. Rc1 Rxd5 23. h3 b5 24. Nd2 Rd3 25. Qxg7 Nxb2 26. Qxb2 Qxa3 27. Qxa3 Rxa3 28. Bf4 Re7 29. Nf3 Kb7 30. Nd4 a6 31. Nc6 Rd7 32. Ne5 Rd6 33. Nxg6 hxg6 34. Bxd6 cxd6 35. Re1 b4 36. Re7+ Kc6 37. Rxf7 b3 0-1

[Event "Przysiek U18"]
[Site "Przysiek"]
[Date "2006.09.24"]
[Round "1"]
[White "Mazalon, Bartlomiej"]
[Black "Hiszczynski, Jakub"]
[Result "0-1"]
[WhiteElo "1852"]
[BlackElo "2024"]
[PlyCount "112"]
[EventDate "2006.09.24"]
[EventType "swiss"]
[EventRounds "9"]
[EventCountry "POL"]
[SourceTitle "EXT 2009"]
[Source "ChessBase"]
[SourceDate "2008.11.26"]
[SourceVersion "1"]
[SourceVersionDate "2008.11.26"]
[SourceQuality "1"]

1. e4 e5 2. Nf3 Nc6 3. d4 exd4 4. c3 d5 5. exd5 Qxd5 6. Bf4 Bd6 7. Bxd6 Qxd6 8. Nxd4 Nxd4 9. Qxd4 Qxd4 10. cxd4 Be6 11. Nc3 0-0-0 12. 0-0-0 Ne7 13. Be2 c6 14. Rhe1 Rd7 15. Ne4 Rhd8 16. Nc5 Rxd4 17. Rxd4 Rxd4 18. Bd3 Nf5 19. Nxe6 fxe6 20. Bc2 Kd7 21. Bb3 Rd6 22. Re5 Nd4 23. Bc4 Ke7 24. Bd3 Kf6 25. Re3 g6 26. Kd2 e5 27. Kc3 Rd7 28. Re4 Ne6 29. Re3 Nf4 30. Be4 Nd5+ 31. Bxd5 cxd5 32. Kd3 Rf7 33. Re2 Ke6 34. Rc2 Kd6 35. f3 Rc7 36. Re2 Rc1 37. Kd2 Rc7 38. Kd3 g5 39. h3 h5 40. Rf2 Rf7 41. Rc2 g4 42. hxg4 hxg4 43. Ke2 gxf3+ 44. gxf3 Rc7 45. Rd2 d4 46. Kd3 Kd5 47. Rh2 Rf7 48. Rh3 Rxf3+ 49. Rxf3 e4+ 50. Ke2 exf3+ 51. Kxf3 Ke5 52. Ke2 Ke4 53. Kd2 d3 54. a3 Kd4 55. b3 a6 56. a4 a5 0-1

[Event "KPZS-ch"]
[Site "Sepolno Kraj"]
[Date "2006.06.30"]
[Round "9"]
[White "Mazalon, Bartlomiej"]
[Black "Olszewski, Marek"]
[Result "0-1"]
[WhiteElo "1842"]
[BlackElo "2084"]
[PlyCount "138"]
[EventDate "2006.06.24"]
[EventType "swiss"]
[EventRounds "9"]
[EventCountry "POL"]
[SourceTitle "EXT 2007"]
[Source "ChessBase"]
[SourceDate "2006.11.23"]
[SourceVersion "1"]
[SourceVersionDate "2006.11.23"]
[SourceQuality "1"]

1. e4 Nc6 2. d4 d5 3. exd5 Qxd5 4. Be3 e5 5. dxe5 Qxd1+ 6. Kxd1 Nxe5 7. Be2 Be6 8. Nd2 Nf6 9. h3 Nd5 10. Bd4 Nc6 11. Bb5 Bd7 12. Ngf3 0-0-0 13. Re1 a6 14. Bxc6 Bxc6 15. Ke2 Nb4 16. Rec1 Bb5+ 17. c4 Bd7 18. a3 Nc6 19. Bc3 f6 20. Kf1 Bd6 21. Re1 Rhe8 22. b4 Bf5 23. Kg1 Bf4 24. Rxe8 Rxe8 25. Nb3 Be6 26. Re1 Kd8 27. Nc5 Bc8 28. Rd1+ Ke7 29. Bd2 Bxd2 30. Rxd2 Kf7 31. Kf1 b6 32. Na4 Be6 33. Nb2 a5 34. b5 Nd8 35. Nd4 Bc8 36. f3 Nb7 37. Nd3 Rd8 38. Nf4 Nc5 39. Nd5 Rd7 40. Nc3 Rd8 41. Nd5 Ne6 42. Nxe6 Bxe6 43. Ke2 Bxd5 44. cxd5 Ke7 45. Ke3 Kd7 46. Kd4 Re8 47. g3 Re1 48. Rd3 Kd6 49. h4 Rb1 50. Kc4 Rc1+ 51. Kd4 Rc5 52. Ke4 Rxb5 53. g4 Rc5 54. h5 b5 55. f4 b4 56. axb4 axb4 57. Rb3 Rb5 58. f5 h6 59. Kd4 Rxd5+ 60. Kc4 c5 61. Kb5 Rd4 62. Rg3 Kd5 63. Rg2 b3 64. Ka5 Rd1 65. Rb2 c4 66. Kb5 Kd4 67. Rf2 Ke3 68. Rh2 Rc1 69. Rh3+ Kf4 0-1

[Event "KPZS-ch"]
[Site "Sepolno Kraj"]
[Date "2006.06.25"]
[Round "3"]
[White "Mazalon, Bartlomiej"]
[Black "Jaroch, Pawel"]
[Result "0-1"]
[WhiteElo "1842"]
[BlackElo "2098"]
[PlyCount "72"]
[EventDate "2006.06.24"]
[EventType "swiss"]
[EventRounds "9"]
[EventCountry "POL"]
[SourceTitle "EXT 2007"]
[Source "ChessBase"]
[SourceDate "2006.11.23"]
[SourceVersion "1"]
[SourceVersionDate "2006.11.23"]
[SourceQuality "1"]

1. e4 d6 2. d4 Nf6 3. Nc3 g6 4. h3 Bg7 5. Nf3 0-0 6. Be3 c6 7. Be2 b5 8. a3 a6 9. 0-0 Qc7 10. Bf4 Nh5 11. Bh2 e5 12. dxe5 dxe5 13. Nd2 Nf4 14. Bf3 Be6 15. Ne2 Nd7 16. c3 Rad8 17. Qc2 Nc5 18. Rad1 Ncd3 19. Nb3 Qb6 20. Nxf4 Nxf4 21. Bxf4 exf4 22. Nd4 Bxd4 23. cxd4 Bc4 24. Rfe1 Rxd4 25. Rxd4 Qxd4 26. b3 Be6 27. Qxc6 Rc8 28. Qxa6 Rc2 29. Qa8+ Kg7 30. Be2 Rxe2 31. Rxe2 Qd1+ 32. Kh2 Qxe2 33. Qb8 Qxf2 34. Qxb5 Qg3+ 35. Kh1 f3 36. Qb8 Qxg2# 0-1

[Event "KPZS-ch"]
[Site "Sepolno Kraj"]
[Date "2006.06.25"]
[Round "2"]
[White "Mazalon, Bartlomiej"]
[Black "Leszczynski, Krzysztof"]
[Result "1/2-1/2"]
[WhiteElo "1842"]
[BlackElo "2144"]
[PlyCount "114"]
[EventDate "2006.06.24"]
[EventType "swiss"]
[EventRounds "9"]
[EventCountry "POL"]
[SourceTitle "EXT 2007"]
[Source "ChessBase"]
[SourceDate "2006.11.23"]
[SourceVersion "1"]
[SourceVersionDate "2006.11.23"]
[SourceQuality "1"]

1. e4 b6 2. d4 e6 3. Nc3 Bb7 4. Bd3 Bb4 5. Nf3 Nf6 6. Qe2 d5 7. Bg5 h6 8. Bxf6 Qxf6 9. 0-0 Bxc3 10. bxc3 0-0 11. e5 Qe7 12. c4 dxc4 13. Bxc4 c5 14. c3 cxd4 15. cxd4 Nc6 16. d5 exd5 17. Bxd5 Rad8 18. Rad1 Na5 19. Bxb7 Nxb7 20. Rfe1 Rxd1 21. Rxd1 Re8 22. Re1 Nc5 23. Nd4 Qd7 24. Qb5 Rd8 25. Qxd7 Rxd7 26. Nf3 Rd3 27. h3 Kf8 28. Re2 Rd1+ 29. Re1 Rxe1+ 30. Nxe1 Ne4 31. f3 Nc3 32. a3 Ke7 33. Kf2 Ke6 34. f4 Kd5 35. Ke3 Kc4 36. Nc2 a5 37. Nd4 Nd5+ 38. Ke4 Nxf4 39. Nf5 Ne6 40. Nd6+ Kb3 41. Nxf7 Kxa3 42. Kd5 Nf4+ 43. Ke4 Ne6 44. Kd5 Nf8 45. Kc4 Kb2 46. Kb5 Kb3 47. Nd6 a4 48. Nc4 a3 49. Nxa3 Kxa3 50. Kxb6 Nd7+ 51. Kc6 Nxe5+ 52. Kd6 Nd3 53. Ke7 Nf4 54. Kf7 g5 55. Kg7 h5 56. Kh6 Nxg2 57. Kxh5 Nf4+ 1/2-1/2

[Event "Polanica Zdroj op-B 41st"]
[Site "Polanica Zdroj"]
[Date "2005.08.19"]
[Round "1"]
[White "Mazalon, Bartlomiej"]
[Black "Magnucka, Milena"]
[Result "0-1"]
[WhiteElo "1864"]
[BlackElo "2094"]
[PlyCount "76"]
[EventDate "2005.08.19"]
[EventType "swiss"]
[EventRounds "10"]
[EventCountry "POL"]
[SourceTitle "CBM 108 Extra"]
[Source "ChessBase"]
[SourceDate "2005.11.04"]
[SourceVersion "1"]
[SourceVersionDate "2005.11.04"]
[SourceQuality "1"]

1. e4 c5 2. Nf3 d6 3. Bb5+ Bd7 4. Bxd7+ Qxd7 5. 0-0 Nc6 6. d3 e6 7. Qe2 Nf6 8. Nc3 Be7 9. h3 0-0 10. Be3 a6 11. Nh2 d5 12. exd5 exd5 13. Bg5 Rfe8 14. Bxf6 Bxf6 15. Qd2 h5 16. Rae1 Nd4 17. Kh1 b5 18. f4 b4 19. Nd1 Bh4 20. Rxe8+ Rxe8 21. Ne3 Qe6 22. c3 bxc3 23. bxc3 Nb5 24. Nxd5 Qxd5 25. c4 Qd6 26. cxb5 axb5 27. Nf3 Bf6 28. Rb1 Rb8 29. Re1 Rd8 30. Ne5 Bxe5 31. fxe5 Qxd3 32. Qxd3 Rxd3 33. e6 fxe6 34. Rxe6 c4 35. Rc6 c3 36. Kh2 Kf7 37. Rc4 Ke6 38. Rb4 Ke5 0-1

[Event "Ciechocinek KPZ-ch"]
[Site "Ciechocinek"]
[Date "2002.??.??"]
[Round "5"]
[White "Karpinski, Andrzej"]
[Black "Mazalon, Bartlomiej"]
[Result "0-1"]
[WhiteElo "2000"]
[BlackElo "1800"]
[PlyCount "117"]
[EventDate "2002.??.??"]
[EventType "swiss"]
[EventRounds "9"]
[EventCountry "POL"]
[SourceTitle "EXT 2007"]
[Source "ChessBase"]
[SourceDate "2006.11.23"]
[SourceVersion "1"]
[SourceVersionDate "2006.11.23"]
[SourceQuality "1"]

1. Nf3 d5 2. d4 Nc6 3. Bf4 Bf5 4. e3 e6 5. c3 Bd6 6. Bg3 Nge7 7. Bd3 0-0 8. Bxd6 Qxd6 9. Bxf5 Nxf5 10. Qd3 Nce7 11. Nbd2 c5 12. e4 c4 13. Qe2 Nh6 14. 0-0 Ng6 15. e5 Qc7 16. g3 f6 17. exf6 Rxf6 18. Rae1 Re8 19. Ne5 Nxe5 20. Qxe5 Qxe5 21. Rxe5 Nf7 22. Re3 e5 23. Rfe1 Rfe6 24. f3 g6 25. Kg2 Kg7 26. Nf1 Kf6 27. R3e2 exd4 28. Rxe6+ Rxe6 29. Rxe6+ Kxe6 30. cxd4 Nd8 31. Ne3 Nc6 32. Nc2 b5 33. Kf2 b4 34. Ke3 a5 35. b3 c3 36. a4 h5 37. Kf4 Kf6 38. h4 Nd8 39. g4 Ne6+ 40. Ke3 hxg4 41. fxg4 Ng7 42. Ne1 Ne8 43. Kf4 Nd6 44. Nc2 Ne4 45. Ne3 Ke6 46. Nc2 Nd2 47. Na1 Kf6 48. g5+ Ke6 49. Kg4 Ne4 50. h5 gxh5+ 51. Kxh5 Kf5 52. g6 Nf6+ 53. Kh6 Ng4+ 54. Kh7 Nf6+ 55. Kg7 Ne8+ 56. Kf7 Nd6+ 57. Ke7 Nc8+ 58. Kd7 Nb6+ 59. Kc6 0-1

[Event "Ciechocinek KPZ-ch"]
[Site "Ciechocinek"]
[Date "2002.??.??"]
[Round "8"]
[White "Mazalon, Bartlomiej"]
[Black "Krajewicz, Pawel"]
[Result "0-1"]
[WhiteElo "1800"]
[BlackElo "2059"]
[PlyCount "60"]
[EventDate "2002.??.??"]
[EventType "swiss"]
[EventRounds "9"]
[EventCountry "POL"]
[SourceTitle "EXT 2007"]
[Source "ChessBase"]
[SourceDate "2006.11.23"]
[SourceVersion "1"]
[SourceVersionDate "2006.11.23"]
[SourceQuality "1"]

1. e4 c6 2. b3 d5 3. Bb2 dxe4 4. Ne2 Bg4 5. h3 Bh5 6. g4 Bg6 7. Ng3 Nf6 8. Nc3 Nbd7 9. Bg2 Qc7 10. Qe2 0-0-0 11. 0-0-0 Nd5 12. Ngxe4 Nf4 13. Qf1 e5 14. Bf3 Nc5 15. Ng3 Qa5 16. Kb1 Nfd3 17. Qg2 Nxb2 18. Kxb2 Ne6 19. Nb1 Bxc2 20. Rc1 Bxb1 21. Kxb1 Rxd2 22. a4 Qb4 23. Bd5 Qa3 24. Rc2 Rxc2 25. Kxc2 Nd4+ 26. Kd1 Qa1+ 27. Kd2 Qb2+ 28. Ke3 Qc3+ 29. Ke4 cxd5+ 30. Kxd5 Qc6+ 0-1

[Event "Torun op"]
[Site "Torun"]
[Date "2002.??.??"]
[Round "6"]
[White "Mazalon, Bartlomiej"]
[Black "Labun, Kornel"]
[Result "0-1"]
[WhiteElo "1800"]
[BlackElo "1600"]
[PlyCount "90"]
[EventDate "2002.??.??"]
[EventType "swiss"]
[EventRounds "9"]
[EventCountry "POL"]
[SourceTitle "EXT 2007"]
[Source "ChessBase"]
[SourceDate "2006.11.23"]
[SourceVersion "1"]
[SourceVersionDate "2006.11.23"]
[SourceQuality "1"]

1. e4 e5 2. Nf3 Nc6 3. d4 exd4 4. c3 dxc3 5. Nxc3 Bc5 6. Bc4 d6 7. 0-0 Be6 8. Bxe6 fxe6 9. Qb3 Qd7 10. Qxb7 Rb8 11. Qa6 Nge7 12. Qe2 0-0 13. Rd1 Ng6 14. Na4 Nd4 15. Nxd4 Qxa4 16. b3 Qd7 17. Bb2 e5 18. Nf3 Qg4 19. h3 Qf4 20. Bc1 Qf7 21. Be3 Nf4 22. Bxf4 Qxf4 23. Rf1 Rb4 24. Rae1 g5 25. Qd2 Qxd2 26. Nxd2 Rd4 27. Nf3 Rd3 28. Re2 h6 29. Kh1 a5 30. Ne1 Rd1 31. Kg1 Bb4 32. Nc2 Rd2 33. Rxd2 Bxd2 34. Rd1 Bb4 35. Ne3 Bc5 36. Nf5 Kh7 37. Rd2 c6 38. Ne7 d5 39. Nxc6 dxe4 40. Nxe5 e3 41. Rd7+ Kg8 42. fxe3 Bxe3+ 43. Kh1 Rf1+ 44. Kh2 Bf4+ 45. g3 Bxe5 0-1